000 00800nam a2200229Ia 4500
008 191130s2008##################000#0#eng##
020 _a9780415422758
022 _a2008021246
040 _aACL
_cACL
082 _a306.361509 MOM
245 _aGender and development : critical concepts in development studies
_cedited by Janet D. Momsen
260 _aNew York ; London
_bRoutledge
_c2008
300 _a4 v. : ill., maps ; 24 cm
500 _aIncludes bibliographical references
650 _aSexual division of labor - Developing countries
650 _aWomen - Developing countries
650 _aWomen in development - Developing countries
700 _aMomsen, Janet D
990 _a5bc90072ac10000c7e251688037d61e8
991 _a173627
999 _c264755
_d264755